<?xml version="1.0" encoding="UTF-8"?>
<collection xmlns="http://www.loc.gov/MARC21/slim">
 <record>
  <leader>01223nam a22003135a 4500</leader>
  <controlfield tag="001">CEM.cems018142</controlfield>
  <controlfield tag="005">20140325134913.0</controlfield>
  <controlfield tag="008">130507s2013##################000#0#####d</controlfield>
  <controlfield tag="003">CEMS</controlfield>
  <datafield tag="020" ind1=" " ind2=" ">
   <subfield code="a">9789871565436</subfield>
  </datafield>
  <datafield tag="082" ind1="0" ind2="4">
   <subfield code="a">808.8</subfield>
  </datafield>
  <datafield tag="245" ind1="0" ind2="0">
   <subfield code="a">Cuentos + cuentos :</subfield>
   <subfield code="b">antología</subfield>
  </datafield>
  <datafield tag="260" ind1=" " ind2=" ">
   <subfield code="a">Buenos Aires :</subfield>
   <subfield code="b">Letra Impresa,</subfield>
   <subfield code="c">2013</subfield>
  </datafield>
  <datafield tag="300" ind1=" " ind2=" ">
   <subfield code="a">112 p.</subfield>
  </datafield>
  <datafield tag="490" ind1="0" ind2=" ">
   <subfield code="a">Colección Generación Z</subfield>
  </datafield>
  <datafield tag="505" ind1="0" ind2=" ">
   <subfield code="a">El pan duro de esa bruja / O. Henry -- El pozo / Ricardo Guiraldes -- Las tres muertes del señor Higginbothan / Nathaniel Hawthorne -- La mendiga de Locarno / Heinrich von Kleist -- Los ladrones de cadáveres / Robert Louis Stevenson -- El nuevo acelerador / Herbert George Wells -- El hombre sin cuerpo / Edward Page Mitchell</subfield>
  </datafield>
  <datafield tag="653" ind1=" " ind2=" ">
   <subfield code="a">Literatura</subfield>
  </datafield>
  <datafield tag="653" ind1=" " ind2=" ">
   <subfield code="a">Antología</subfield>
  </datafield>
  <datafield tag="653" ind1=" " ind2=" ">
   <subfield code="a">Cuentos</subfield>
  </datafield>
  <datafield tag="653" ind1=" " ind2=" ">
   <subfield code="a">Cuento-antología</subfield>
  </datafield>
  <datafield tag="653" ind1=" " ind2=" ">
   <subfield code="a">Cuento realista</subfield>
  </datafield>
  <datafield tag="653" ind1=" " ind2=" ">
   <subfield code="a">Cuento fantástico</subfield>
  </datafield>
  <datafield tag="653" ind1=" " ind2=" ">
   <subfield code="a">Cuento ciencia ficción</subfield>
  </datafield>
  <datafield tag="653" ind1=" " ind2=" ">
   <subfield code="a">Literatura realista</subfield>
  </datafield>
  <datafield tag="653" ind1=" " ind2=" ">
   <subfield code="a">Literatura fantástica</subfield>
  </datafield>
  <datafield tag="653" ind1=" " ind2=" ">
   <subfield code="a">Literatura ciencia ficción</subfield>
  </datafield>
  <datafield tag="653" ind1=" " ind2=" ">
   <subfield code="a">Literatura juvenil</subfield>
  </datafield>
  <datafield tag="653" ind1=" " ind2=" ">
   <subfield code="a">Ministerio de educación-colección literaria</subfield>
  </datafield>
  <datafield tag="859" ind1=" " ind2=" ">
   <subfield code="a">CEMS</subfield>
   <subfield code="b">BIB. CEMS - Agricultura</subfield>
   <subfield code="h">808.8</subfield>
   <subfield code="i">C984</subfield>
   <subfield code="p">A2001.14</subfield>
   <subfield code="t">Ej.1</subfield>
  </datafield>
 </record>
</collection>
